| 000 | 00440nam a2200157 4500 | ||
|---|---|---|---|
| 001 | 120075 | ||
| 003 | ES-MaACL | ||
| 007 | t| | ||
| 008 | 070214n19001990sp r ||||1| spa d | ||
| 100 | 1 |
_aPérez de Urbel, Justo. _990812 |
|
| 245 | 1 | 4 |
_aLos monjes españoles en la Edad Media / _cJusto Pérez de Urbel. |
| 250 | _a2ª. ed. | ||
| 260 |
_aMadrid : _bAncla, _c[19__?] |
||
| 300 |
_a2 t. ; _c21 cm. |
||
| 852 |
_aES-MaACL _jC-5907-8 _bR.34750 |
||
| 999 |
_c120075 _d120075 |
||